书目信息 |
| 题名: |
增长
|
|
| 作者: | 斯米尔 著 ;李竹 译 | |
| 分册: | ||
| 出版信息: | 北京 民主与建设出版社 2024.04 |
|
| 页数: | xix, 669页 | |
| 开本: | 25cm | |
| 丛书名: | ||
| 单 册: | ||
| 中图分类: | Q148 | |
| 科图分类: | ||
| 主题词: | 生物圈--sheng wu quan--研究 | |
| 电子资源: | ||
| ISBN: | 978-7-5139-4505-9 | |
| 000 | 01492nam0 2200301 450 | |
| 001 | 94782 | |
| 005 | 20250820210502.74 | |
| 010 | @a978-7-5139-4505-9@b精装@dCNY150.00 | |
| 100 | @a20240430d2024 em y0chiy50 ea | |
| 101 | 1 | @achi@ceng |
| 102 | @aCN@b110000 | |
| 105 | @aa a 000yy | |
| 106 | @ar | |
| 200 | 1 | @a增长@Azeng zhang@e从细菌到帝国@f(加) 瓦茨拉夫·斯米尔著@d= Growth@efrom microorganisms to megacities@fVaclav Smil@g李竹译@zeng |
| 210 | @a北京@c民主与建设出版社@d2024.04 | |
| 215 | @axix, 669页@c图@d25cm | |
| 300 | @a后浪 | |
| 314 | @a瓦茨拉夫·斯米尔 (Vaclav Smil), 加拿大曼尼托巴大学杰出荣休教授, 在经济、历史、能源、宏观政策等多个领域均有建树。李竹, 物理学博士, 多年致力于人工智能系统研究、人机交互规范设计和可穿戴产品开发工作。 | |
| 320 | @a有书目 (第569-669页) | |
| 330 | @a增长一直是人类社会的一个不言而喻的、明确的目标。增长现象支配着世间万物。小到微生物个体和群落, 大到帝国、文明乃至星系, 都处在动态的增长变化过程之中。在本书中, 斯米尔带领读者回溯了从微生物的感染到动植物的新陈代谢、从早期农业的出现到帝国与文明的兴衰等种种增长现象。在自然环境中, 人类驯化了动植物, 改变了它们的生长, 使其成为人类生活必不可少的部分。 | |
| 500 | 10 | @aGrowth : from microorganisms to megacities@mChinese |
| 517 | 1 | @a从细菌到帝国@Acong xi jun dao di guo |
| 606 | 0 | @a生物圈@Asheng wu quan@x研究 |
| 690 | @aQ148@v5 | |
| 701 | 1 | @a斯米尔@Asi mi er@g(Smil, Vaclav)@4著 |
| 702 | 0 | @a李竹@Ali zhu@4译 |
| 801 | 0 | @aCN@c20250909 |
| 905 | @a河南城建学院图书馆@dQ148@eS709@f1 | |
| 增长:从细菌到帝国/(加) 瓦茨拉夫·斯米尔著= Growth:from microorganisms to megacities/Vaclav Smil/李竹译.-北京:民主与建设出版社,2024.04 |
| xix, 669页:图;25cm |
| 后浪 |
| ISBN 978-7-5139-4505-9(精装):CNY150.00 |
| 增长一直是人类社会的一个不言而喻的、明确的目标。增长现象支配着世间万物。小到微生物个体和群落, 大到帝国、文明乃至星系, 都处在动态的增长变化过程之中。在本书中, 斯米尔带领读者回溯了从微生物的感染到动植物的新陈代谢、从早期农业的出现到帝国与文明的兴衰等种种增长现象。在自然环境中, 人类驯化了动植物, 改变了它们的生长, 使其成为人类生活必不可少的部分。 |
| ● |
| 相关链接 |
|
|
|
正题名:增长
索取号:Q148/S709
 
预约/预借
| 序号 | 登录号 | 条形码 | 馆藏地/架位号 | 状态 | 备注 |
| 1 | 1628998 | 216289987 | 自科库401/401自科库 26排1列3层/ [索取号:Q148/S709] | 在馆 |